Сборник организационно-распорядительных документов по безопасности мореплавания судов Минречфлота РСФСР (Запись № 9523672)

Подробности
000 -МАРКЕР
контрольное поле 02034nam0a22003371 4500
001 - ИДЕНТИФИКАТОР ЗАПИСИ
контрольное поле GAK\2148566
005 - ИДЕНТИФИКАТОР ВЕРСИИ
контрольное поле 20260408071341.0
010 ## - МЕЖДУНАРОДНЫЙ СТАНДАРТНЫЙ НОМЕР КНИГИ (ISBN)
Уточнения В пер.
Цена беспл.
Тираж 4000
021 ## - НОМЕР ГОСУДАРСТВЕННОЙ РЕГИСТРАЦИИ
Код страны российская федерация
Номер 87-53977
035 ## - ДРУГИЕ СИСТЕМНЫЕ НОМЕРА
Идентификатор записи (NLR Aleph) 008739358
100 ## - ДАННЫЕ ОБЩЕЙ ОБРАБОТКИ
Данные общей обработки 20120621d1987 |||y0rusy50 ca
101 0# - ЯЗЫК РЕСУРСА
Язык текста, звукозаписи и т.д. русский
102 ## - СТРАНА ПУБЛИКАЦИИ ИЛИ ПРОИЗВОДСТВА
Страна публикации российская федерация
105 ## - ПОЛЕ КОДИРОВАННЫХ ДАННЫХ: ТЕКСТОВЫЕ МАТЕРИАЛЫ, МОНОГРАФИЧЕСКИЕ
Кодированные данные о монографическом текстовом документе y n |||||
200 1# - ЗАГЛАВИЕ И СВЕДЕНИЯ ОБ ОТВЕТСТВЕННОСТИ
Основное заглавие Сборник организационно-распорядительных документов по безопасности мореплавания судов Минречфлота РСФСР
Сведения, относящиеся к заглавию (ДБМ П-86)
Первые сведения об ответственности РСФСР. М-во реч. флота. Гл. инспекция по безопасности судоходства
210 ## - ПУБЛИКАЦИЯ, РАСПРОСТРАНЕНИЕ И ДР.
Место издания, распространения и т.д. Ленинград
Имя издателя, распространителя и т. д. Транспорт, Ленинградское отделение
Дата издания, распространения и т.д. 1987
215 ## - ФИЗИЧЕСКАЯ ХАРАКТЕРИСТИКА
Специфическое обозначение материала и объем 545, [1] с.
Размеры 22
300 ## - ОБЩИЕ ПРИМЕЧАНИЯ
Текст примечания Загл. вып. по состоянию на 1 ноября 1979 г.: Перечень действующих нормативных, методических и других руководящих документов МРФ РСФСР, используемых при проектировании объектов речного транспорта
517 1# - ДРУГИЕ ВАРИАНТЫ ЗАГЛАВИЯ
Вариант заглавия ДБМ П-86
606 1# - НАИМЕНОВАНИЕ ТЕМЫ КАК ПРЕДМЕТ
Наименование темы Речные суда
Формальный подзаголовок Законы, постановления и т.п.
Тематический подзаголовок Безопасность плавания
Системный номер авторитетной/нормативной записи 1588368
Идентификатор авторитетной/нормативной записи RU\NLR\AUTH\66996674
606 1# - НАИМЕНОВАНИЕ ТЕМЫ КАК ПРЕДМЕТ
Наименование темы Морское судовождение
Тематический подзаголовок Безопасность
Формальный подзаголовок Законы, постановления и т.п.
686 ## - ИНДЕКСЫ ДРУГИХ КЛАССИФИКАЦИЙ
Индекс О424.3-082.03я82
Код системы
710 01 - НАИМЕНОВАНИЕ ОРГАНИЗАЦИИ - ПЕРВИЧНАЯ ОТВЕТСТВЕННОСТЬ
Начальный элемент ввода РСФСР
Структурное подразделение Министерство речного флота
Идентификатор авторитетной/нормативной записи RU\NLR\AUTH\8810049421
Системный номер авторитетной/нормативной записи 598968
711 01 - НАИМЕНОВАНИЕ ОРГАНИЗАЦИИ - АЛЬТЕРНАТИВНАЯ ОТВЕТСТВЕННОСТЬ
Начальный элемент ввода РСФСР
Структурное подразделение Главная инспекция по безопасности судоходства
Идентификатор авторитетной/нормативной записи RU\NLR\AUTH\8810128912
Системный номер авторитетной/нормативной записи 754742
801 #0 - ИСТОЧНИК ЗАПИСИ
Страна российская федерация
Организация NLR
Дата составления 20120621
Правила каталогизации psbo
801 #1 - ИСТОЧНИК ЗАПИСИ
Страна российская федерация
Организация NLR
Дата составления 20120621
Источник данных rusmarc
801 #2 - ИСТОЧНИК ЗАПИСИ
Страна российская федерация
Организация NLR
Дата составления 20120621
Источник данных rusmarc
852 ## - МЕСТОНАХОЖДЕНИЕ И ШИФР ХРАНЕНИЯ
Идентификатор организации NLR
Шифр хранения (Call Number) 87-5/3745
942 ## - ДОПОЛНИТЕЛЬНЫЕ ЭЛЕМЕНТЫ ЗАПИСИ (АБИС)
Тип экземпляра АБИС Книга
980 ## - КОЛЛЕКЦИЯ
Название коллекции Национальная библиография
Экземпляры
Тип экземпляра Дата поступления Библиотека постоянного хранения Библиотека текущего хранения Место хранения Шифр хранения Штрих-код Статус не для выдачи
Книга 26.10.2013 РНБ (Московский) РНБ (Московский) Русский книжный фонд: издания с 1957 года, 9этаж 87-5/3745 8739358-10